000 00306nam a22001337a 4500
020 _a8123908806
082 _222
_a531.11
100 _aChorlton, F.
245 _aTextbook of dynamics /
250 _a2nd.
260 _aNew Delhi,
_bCBS,
_cc2003.
300 _a271 p. ;
_bill. ;
_c22 cm.
942 _2ddc
_cCIVIL
999 _c355
_d355